000
00308nam a2200133Ia 4500
100
_a
Radhakrishnan /V.M
942
_c
BK
654
_a
Welding
245
_a
Welding technology and design
260
_b
New Age Int (P) Ltd
_a
New Delhi
_c
2002
082
_a
671.52
_b
RAD
300
_a
541
546
_a
ENGLISH
999
_c
28112
_d
28112